000 00509nam a2200205Ia 4500
005 20240823042404.0
008 240823s9999||||xx |||||||||||||| ||und||
020 _a81-85015-61-9
041 _aENGLISH
082 _A005.453 M9
100 _a"Aho,Alfred V"
245 0 _aPrinciples of Compiler Design
250 _a1st
260 _c1989
_b"Narosa,New Delhi"
500 _aTRANSFERED
650 _aCompilers
_bComputer Applications
700 _a" Ullman,Jeffrey D"
942 _cBK
999 _c207748
_d207748